000 00579nam a2200193Ia 4500
005 20250508164732.0
008 008 250505s9999 xx 000 0 eng d
037 _aReference
040 _aFEDL
_beng
_cFEDL
041 _aeng
_2eng
084 _a371.102, BRA/RR
_qFEDL
100 _aBrandenburg Robyn
_9779017
245 0 _aPowerful pedagogy : Self-study of a teacher educator's practice
260 _aHeidelberg, Germany
_bSpringer
_c2008
300 _axxvi,208p.
365 _aEURO
_b76.95
942 _cREF
_h371.102, BRA/RR
999 _c1390827
_d1390827